PROBLÉMY MALÉHO A STŘEDNÍHO PODNIKÁNÍ VE VENKOVSKÝCH OBCÍCH

Bibliographic Details
Main Author: Chmelová, Lenka (Author)
Format: Article
Language:Czech
ISBN:8071378690

MARC

LEADER 00000naa a2200000uu 4500
001 vtls011054665
003 SK-MaSNL
005 20260302115406.0
008 220810|2001 xo |||||||||||||||||cze|
015 |a SNBRA 
035 |a (urnnbn)urn:nbn:sk:snk:ar-a0bxlc 
035 |a (uuid)a4b7c6eb-f920-491d-b604-d93b950b8b54 
035 |a urn:nbn:sk:snk-aav4a7 
040 |a SNKBUCL  |b slo  |c SNKBUCL  |e AACR2 
041 0 |a cze 
044 |a xo  |c SK 
100 1 |a Chmelová, Lenka  |4 aut  |9 798653 
245 1 0 |a PROBLÉMY MALÉHO A STŘEDNÍHO PODNIKÁNÍ VE VENKOVSKÝCH OBCÍCH  |c Lenka CHMELOVÁ 
246 3 |a THE PROBLEMS OF SMALL AND MEDIUM SIZED BUSINESS IN THE RURAL COMMUNITIES 
773 0 |t Zborník vedeckých prác z Medzinárodných vedeckých dní 2001  |d Nitra : Slovenská poľnohospodárska univerzita, 2001  |g S. 958-963  |z 8071378690 
954 |a odborná, vedecká literatúra cudzojazyčná (svetová)  |2 lita 
958 |a OND 
958 |a article12 
958 |a chapter 
999 |c 1264483  |d 1266413